Les prénoms des Commissaires de Police des séries télévisées - Statistiques

Statistiques générales
  • Ce quiz a été pris 247 fois
  • Le résultat moyen est 5 sur 18
Statistiques - réponses
Nom Prénom % Correct
Lescaut Julie
95%
Larosiere Jean
65%
Maigret Jules
53%
Cordier Pierre
49%
Juve Paul
41%
Valentin Paul
41%
Navarro Antoine
35%
Bourrel Antoine
35%
Moulin Jean-Paul
17%
Lansky David
16%
Magellan Simon
14%
Dupin Georges
13%
Sommer Léa
7%
Saint-Ange Marie
4%
Brunetti Guido
3%
Montalbano Salvo
3%
Bancroft Elizabeth
2%
Laviolette Modeste
2%
Aucun quiz correspondant
Distribution des résultats
% des personnes avec chaque résultat
Percentile par nombre de réponses
Votre historique - résultats
Vous n’avez pas pris ce quiz